000 00385cam a2200169ua 4500
001 3000
008 190507n1987 II |||gr||||Z||||||asm
040 _aMAIN
041 _aEnglish
082 _a891.451 KAL
100 _aKALITA, HOREN.
245 _aLACHIT BORPHUKAN
260 _aNAGAON:
_bKATHA PRAKASHAN,
_c1987.
300 _a48:
_c20CM.
653 _aAsomiya Sahitya
942 _cBK
999 _c2988
_d2988